| 000 | 00492nam a2200169Ia 4500 | ||
|---|---|---|---|
| 008 | 180921t1999 xxu||||| |||| 00| 0 eng d | ||
| 041 | _aeng | ||
| 080 |
_a581 _bJAY |
||
| 100 |
_aJayasinha, Purnima _eed. |
||
| 245 | _aAerva lanata :A literature survey | ||
| 260 |
_bImformation services center/Industrial technology institute _c1999 |
||
| 300 | _a7p., 30 cm | ||
| 650 |
_aPolpala _amedicinal plants _aAyurveda |
||
| 942 | _cBK | ||
| 999 |
_c15879 _d15879 |
||
| 003 | LK-CoDNM | ||
| 040 |
_aLK-CoDNM _dLK-CoDNM _eLK-CoDNM |
||